000 00948naa a22002777a 4500
001 BR7404922
003 BR-BrBNA
005 20250709164622.0
007 ta
008 250630b bl.|||m| |||| 00| 0 por d
040 _aBR-BrBNA
_bpor
_cBiblioteca Nacional de Agricultura
041 _a(Pt)
072 _aS10; F60
_b0230
_b9390
090 _aS10 BR7404922
100 1 _aCesar, M.A.A.
245 1 _aOs sais minerais da cana de acucar [Analise de alimento; Saccharum officinarum; Caldo de cana]
500 _aRelatorio do bienio 1972/1973 Piracicaba, SP (Brasil): [nd]. p. 41 [Summary only] (BR7404922-AMS)
650 _aCANA DE ACUCAR
650 _aANALISE DE ALIMENTO
650 _aSAIS MINERAIS
650 _aCALDO DE CANA
650 _aANALISE QUIMICA
490 _aRelatorio - Escola Superior de Agricultura Luiz de Queiroz. Depto. de Tecnologia Rural (Brazil)
942 _cAMS
_2AGRIS
909 _a202506
_bLúcia
_c55
_dLúcia Elande
999 _c332720
_d332720